¿Hacia el semipresidencialismo o al semiparlamentarismo en Costa Rica?: análisis de las propuestas de reforma al sistema de gobierno /

Salvato in:
Dettagli Bibliografici
Autore principale: Vargas Vargas, José Joaquín
Natura: testo
Tags: Aggiungi Tag
Nessun Tag, puoi essere il primo ad aggiungerne!!

MARC

LEADER 00000 a a2200000 04500
001 47469
003
040
100 |a Vargas Vargas, José Joaquín  
245 |a ¿Hacia el semipresidencialismo o al semiparlamentarismo en Costa Rica?:   |b análisis de las propuestas de reforma al sistema de gobierno /  |c José Joaquín Vargas Vargas  
773 |g número14, (2001), páginas 17-28 : tablas, gráficos  
999 |c 32593  |d 32593